000 00678nam a2200241Ia 4500
003 OSt
005 20221005083508.0
006 a|||||r|||| 00| 0
007 ta
008 221004b |||||||| |||| 00| 0 eng d
024 _a58993
037 _cTextual
040 _aCRL
_cCRL
_beng
041 _2eng
_aeng
082 _aV2:25xM69, M3
100 _aCharles K J
245 0 _aTotal development
_b Essays towards an integration of Marxian and Gandhian perspectives.
260 _aNew Delhi
_bVikas Publishing House
_c1983
300 _a262p.
_ccm.
650 _aHISTORY
942 _hV2:25xM69, M3
_cTEXL
_2cc
999 _c991088
_d991088